All Incorporated Municipalities of Orange County, Vermont - Statistics

General Stats
  • This quiz has been taken 3 times
  • The average score is 16 of 19
Answer Stats
Answer % Correct
Bradford
100%
Braintree
100%
Chelsea
100%
Fairlee
100%
Newbury
100%
Newbury
100%
Orange
100%
Randolph
100%
Thetford
100%
Topsham
100%
West Fairlee
100%
Williamstown
100%
Brookfield
67%
Corinth
67%
Strafford
67%
Tunbridge
67%
Washington
67%
Vershire
33%
Wells River
0%
No matching quizzes found
Score Distribution
Percent of People with Each Score
Percentile by Number Answered
Your Score History
You have not taken this quiz